| 000 | 01678cam a2200409 i 4500 | ||
|---|---|---|---|
| 001 | 200468169 | ||
| 003 | TR-AnTOB | ||
| 005 | 20260417100940.0 | ||
| 007 | ta | ||
| 008 | 260417s1975 enk 000 1 eng d | ||
| 010 | _a 73034767 | ||
| 020 |
_a0586041613 _q(paperback) |
||
| 035 | _a(CLU)4981772-ucladb-Voyager | ||
| 035 |
_a(OCoLC)00562671 _z(OCoLC)977569314 |
||
| 035 | _a(OCoLC)ocm00562671 | ||
| 035 | _a(EXLNZ-01UCS_NETWORK)9913012780106531 | ||
| 035 | _a(TR-AnTOB)200468169 | ||
| 040 |
_aYNG _beng _erda _cYNG _dOCLCQ _dOCLCG _dOCLCA _dOCLCQ _dCDS _dOCLCO _dOCLCF _dUWO _dNUI _dOCL _dOCLCO _dOCLCQ _dOCLCL _dTR-AnTOB |
||
| 041 | 0 | _aeng | |
| 050 | 4 |
_aPR6052.A46 _bV4 1975 |
|
| 090 |
_aPR6052.A46 _bV4 1975 |
||
| 100 | 1 |
_aBallard, J. G., _d1930-2009 _eauthor _4aut _0http://id.loc.gov/authorities/names/n79043442 _990498 |
|
| 245 | 1 | 0 |
_aVermilion sands / _cJ.G. Ballard. |
| 264 | 1 |
_aSt. Albans : _bPanther, _c1975. |
|
| 300 |
_a208 pages ; _c18 cm |
||
| 336 |
_atext _btxt _2rdacontent |
||
| 337 |
_aunmediated _bn _2rdamedia |
||
| 338 |
_avolume _bnc _2rdacarrier |
||
| 490 | 0 | _aPanther science fiction | |
| 505 | 0 | _aThe cloud-sculptors of coral D -- Prima belladonna -- The screen game -- The singing statues -- Cry hope, cry fury! -- Venus smiles -- Say goodbye to the wind -- Studio 5, the stars -- The thousand dreams of stellavista. | |
| 650 | 0 |
_aScience fiction, English _9153503 |
|
| 655 | 7 |
_aScience fiction _2lcgft _0http://id.loc.gov/authorities/genreForms/gf2014026529 _9153063 |
|
| 655 | 7 |
_aShort stories _2lcgft _0http://id.loc.gov/authorities/genreForms/gf2014026542 _9153047 |
|
| 942 |
_2lcc _cBK |
||
| 999 |
_c200468169 _d86381 |
||